Zákon č. 254/1998 Z.z. z 1. júla 1998 o verejných prácach

Úplné znenie zákona č. 254/1998 Z.z. z 1. júla 1998 o verejných prácach. Zákon upravuje podmienky na prípravu verejných prác, ich posudzovanie, kvalitu, hodnotenie a vykonávanie štátneho dozoru nad verejnými prácami. Vymedzenie niektorých pojmov. Programy verejných prác. Dôvodová správa k zákonu o v...

ver descrição completa

Na minha lista:
Detalhes bibliográficos
Formato: Capítulo de Livro
Idioma:eslovaco
Assuntos:
Tags: Adicionar Tag
Sem tags, seja o primeiro a adicionar uma tag!

MARC

LEADER 00000naa a2200000 4500
001 r033206
005 20230926072839.7
041 0 |a slo 
044 |a SK 
245 1 0 |a Zákon č. 254/1998 Z.z. z 1. júla 1998 o verejných prácach 
520 |a Úplné znenie zákona č. 254/1998 Z.z. z 1. júla 1998 o verejných prácach. Zákon upravuje podmienky na prípravu verejných prác, ich posudzovanie, kvalitu, hodnotenie a vykonávanie štátneho dozoru nad verejnými prácami. Vymedzenie niektorých pojmov. Programy verejných prác. Dôvodová správa k zákonu o verejných prácach. 
610 2 0 |a práce verejné 
610 2 0 |a pojmy 
610 2 0 |a dozor štátny 
610 2 0 |a zákony 
610 2 0 |a Slovensko 
610 2 0 |a 1998 
610 2 0 |a komentáre